Just Pick One: Shel Silverstein Quiz Stats

 Plays Quiz Updated Apr 3, 2020

Support Sporcle.
Go Orange.
Score 0/24 Timer 06:00
0 Plays Today
Poem Title Word % Correct
“Ickle Me, Tickle Me, _____ Me Too”
Where the Sidewalk Ends
???
76.1%
“Crocodile's _____
Where the Sidewalk Ends
???
73.2%
“If I Had a _____
Where the Sidewalk Ends
???
71.7%
“_____ Itch”
A Light in the Attic
???
61.9%
“_____ Paul Revere”
Falling Up
???
60%
“Hector the _____
Where the Sidewalk Ends
???
58.3%
“_____ Machine”
A Light in the Attic
???
56.8%
“Prayer of the _____ Child”
A Light in the Attic
???
55.8%
“_____ I've Met”
A Light in the Attic
???
52.1%
“Recipe for a _____ Sandwich”
Where the Sidewalk Ends
???
51.8%
“The Mehoo with an _____
A Light in the Attic
???
46.6%
“The _____ Man in the World”
Where the Sidewalk Ends
???
41.1%
Poem Title Word % Correct
“Adventures of a _____
A Light in the Attic
???
37.9%
“_____ Stealer”
A Light in the Attic
???
35%
“Outside or _____?”
A Light in the Attic
???
31.5%
“The _____ Are Coming”
Where the Sidewalk Ends
???
30%
“They've Put a _____ on the Camel”
A Light in the Attic
???
29.4%
“_____ Bash”
Falling Up
???
23.3%
“_____ Richard”
Falling Up
???
23.2%
“Who Ordered the Broiled _____?”
A Light in the Attic
???
13.5%
“The _____ Who Didn't Say No”
Where the Sidewalk Ends
???
13%
“_____ Pencil Maker”
Falling Up
???
12.4%
“_____ Town”
Falling Up
???
12%
“If the World Was _____
Where the Sidewalk Ends
???
9.7%

You're not logged in!

Compare scores with friends on all Sporcle quizzes.
OR
Log In

From the Vault

WWE PPV Main Eventers

by cottb128

Let's get ready to rumble.
Remove Ads.
Support Sporcle.
Get the best of Sporcle when you Go Orange. This ad-free experience offers more features, more stats, and more fun while also helping to support Sporcle. Thank you for becoming a member.

Show Comments

Extras

Top Quizzes Today


Score Distribution

Your Account Isn't Verified!

In order to create a playlist on Sporcle, you need to verify the email address you used during registration. Go to your Sporcle Settings to finish the process.

Report this User

Report this user for behavior that violates our Community Guidelines.

Details: